| 000 | 02455nam0a2200373 4500 | ||
|---|---|---|---|
| 001 | RU\NLR\bibl\1127768 | ||
| 005 | 20260407063520.0 | ||
| 010 |
_a5-7921-0738-3 _bTF |
||
| 010 |
_a978-5-699-22831-7 _bЭксмо _96000 |
||
| 021 |
_aRU _b2007-51942 _92752 |
||
| 035 | _a(nilc)RSL-KNO-003153425 | ||
| 035 | _a(NLR Aleph) 001114700 | ||
| 090 |
_a1260262 _c1260262 |
||
| 100 | _a20070813d2007 |||y0rusy50 ca | ||
| 101 | 1 |
_arus _ceng |
|
| 102 | _aRU | ||
| 105 | _ay zzzz||||| | ||
| 200 | 1 |
_aУгроза с Земли _e[фантастические повести и рассказы] _fРоберт Хайнлайн _g[пер. с англ., сост., коммент. А. Ермолаева _gил. Я. Ашмариной] |
|
| 210 |
_aМосква _cЭксмо _aСанкт-Петербург _cTERRA FANTASTICA _d2007 |
||
| 215 |
_a1048,[3] с. _cил. _d21 |
||
| 225 | 1 |
_aВесь Хайнлайн _eВХ |
|
| 225 | 1 |
_aОтцы-основатели _dSCI FOUNDATION |
|
| 300 | _aНа обл. авт. не указан | ||
| 327 | 0 | _aСодерж.: Линия жизни; Дороги должны катиться; Взрыв всегда возможен; Человек, который продал луну; Далила и косметический монтажник; Космический извозчик; Реквием; Долгая вахта; Присаживайтесь, джентельмены! Темные ямы луны; Как здорово вернуться! [и др.] | |
| 610 | 0 | _aФилологические науки. Художественная литература -- США -- Американская литература -- с 1945 г. -- Произведения художественной литературы -- Художественная проза -- Романы. Повести. Рассказы -- Фантастические и мистические романы, повести, рассказы. Романы ужасов | |
| 686 |
_aШ5(7США)62-644.5 _2rubbk |
||
| 700 | 1 |
_4070 _8rus _7ca _aХайнлайн _bР. А. _f1907-1988 _gРоберт Ансон _3RU\NLR\auth\7713526 _9123214 |
|
| 702 | 1 |
_4440 _8rus _7ca _aАшмарина _bЯ. С. _cхудожник _f1963-2015 _gЯна Станиславовна _3RU\NLR\AUTH\77106409 _989334 |
|
| 801 | 0 |
_aRU _bРКП _c20070813 |
|
| 801 | 1 |
_aRU _bРГБ _c20070813 |
|
| 801 | 2 |
_aRU _bNLR _c20070912 _grcr |
|
| 942 | _cBOOK | ||
| 980 | _aNB | ||